[Event "Corsica Masters op 16th"]
[Site "Bastia"]
[Date "2012.10.27"]
[Round "1"]
[White "Brkic, Ante"]
[Black "Bedini, Noel"]
[Result "1-0"]
[WhiteElo "2575"]
[BlackElo "1620"]
[PlyCount "99"]
[EventDate "2012.10.27"]
[EventType "swiss (rapid)"]
[EventRounds "9"]
[EventCountry "FRA"]
[SourceTitle "EXT 2013"]
[Source "ChessBase"]
[SourceDate "2012.11.22"]
[SourceVersion "1"]
[SourceVersionDate "2012.11.22"]
[SourceQuality "1"]

1. e4 e5 2. Nf3 Nc6 3. Bc4 Be7 4. 0-0 Nf6 5. d3 d6 6. a4 Bg4 7. c3 0-0 8. a5 a6 9. h3 Bh5 10. Nbd2 d5 11. exd5 Nxd5 12. Ne4 Nf6 13. Ng3 Bg6 14. Re1 e4 15. Nh4 exd3 16. Nxg6 hxg6 17. Qxd3 Qxd3 18. Bxd3 Bd6 19. Ne4 Rfe8 20. Bd2 Rad8 21. Nxf6+ gxf6 22. Rxe8+ Rxe8 23. Kf1 Ne5 24. Be2 Nd7 25. b4 Ne5 26. f4 Nd7 27. Bf3 c5 28. Bxb7 cxb4 29. cxb4 Rb8 30. Bc6 Nf8 31. b5 axb5 32. a6 Bc5 33. a7 Bxa7 34. Rxa7 b4 35. Rb7 Rc8 36. Bd5 Ne6 37. Bxe6 fxe6 38. Bxb4 Rc4 39. Bd2 Rd4 40. Ke2 Ra4 41. Be3 Ra2+ 42. Kf3 Ra3 43. Re7 Ra6 44. Bd4 Ra3+ 45. Kg4 Ra2 46. g3 f5+ 47. Kg5 Rg2 48. Kf6 Rxg3 49. Re8+ Kh7 50. Kf7 1-0

[Event "Corsica-chT"]
[Site "Porticcio"]
[Date "2007.03.18"]
[Round "2.5"]
[White "Bedini, Noel"]
[Black "Rossi, Pascal"]
[Result "0-1"]
[WhiteElo "1480"]
[BlackElo "1851"]
[PlyCount "114"]
[EventDate "2007.03.07"]
[EventType "team"]
[EventRounds "9"]
[EventCountry "FRA"]
[SourceTitle "CBM 117 Extra"]
[Source "ChessBase"]
[SourceDate "2007.05.09"]
[SourceVersion "1"]
[SourceVersionDate "2007.05.09"]
[SourceQuality "1"]
[WhiteTeam "Casinca"]
[BlackTeam "Corsica CC"]
[WhiteTeamCountry "FRA"]
[BlackTeamCountry "FRA"]

1. e4 c5 2. Nf3 d6 3. c3 Nf6 4. Be2 g6 5. d3 Bg7 6. 0-0 0-0 7. Nbd2 Nc6 8. d4 cxd4 9. cxd4 Bg4 10. d5 Bxf3 11. Nxf3 Nb8 12. Bd3 Nbd7 13. Re1 Ng4 14. h3 Nge5 15. Rb1 Nxf3+ 16. Qxf3 Ne5 17. Qd1 Qa5 18. b4 Qxa2 19. Re2 Qxb1 20. Bxb1 Nc4 21. Ba2 Rfc8 22. Rc2 b5 23. Qe2 Ne5 24. Rxc8+ Rxc8 25. Bb2 Bh6 26. Bxe5 dxe5 27. Qxb5 Bg5 28. g3 Rc1+ 29. Kg2 Rc2 30. Bb3 Rb2 31. Qd3 Rd2 32. Qf3 Rd4 33. d6 e6 34. Bxe6 fxe6 35. d7 Bd8 36. Qc3 Rxd7 37. Qxe5 Kf7 38. Qh8 Bf6 39. Qxh7+ Bg7 40. Qh4 Rb7 41. Qf4+ Ke7 42. e5 Rb5 43. Qd4 Bxe5 44. Qxa7+ Kf6 45. Qa4 Rd5 46. Qb3 Bd4 47. Qf3+ Rf5 48. Qd1 Rxf2+ 49. Kh1 e5 50. b5 Rb2 51. Qc1 Kf5 52. Qc6 Kg5 53. h4+ Kh6 54. Qe8 Kh5 55. Qe7 Kg4 56. Qg5+ Kh3 57. Qxg6 Rh2# 0-1